logo

Bir Sreshtho Munshi Abdur Rouf Library
Jhenaidah Cadet College

Rothmans Wimbledon on camera : (Record no. 9131)

MARC details
000 -LEADER
fixed length control field 00983cam a2200289 a 4500
001 - CONTROL NUMBER
JCCL Control Number 9131
003 - CONTROL NUMBER IDENTIFIER
JCCL marc code BD-JhCC
005 - DATE AND TIME OF LATEST TRANSACTION
control field 20180308194017.0
008 - FIXED-LENGTH DATA ELEMENTS--GENERAL INFORMATION
fixed length control field 830318s1981 enk | |||| ||eng||
020 ## - INTERNATIONAL STANDARD BOOK NUMBER
International Standard Book Number 0907574041
035 ## - SYSTEM CONTROL NUMBER
system control number (BD-JhCC)9131
040 ## - CATALOGING SOURCE
Original cataloging agency BD-JhCC
Modifying agency BD-JhCC
041 ## - LANGUAGE CODE
Language code of Book eng
082 ## - DEWEY DECIMAL CLASSIFICATION NUMBER
Author mark and Year COL 1981
100 1# - MAIN ENTRY--PERSONAL NAME
Personal name Cole, Arthur,
Dates associated with a name 1920-
245 10 - TITLE STATEMENT
Title Rothmans Wimbledon on camera :
Remainder of title Arthur Cole's pictorial history of the world's greatest tennis tournament /
Statement of responsibility, etc researched and designed by Robert Duncan ; story by Lance Tingay ; foreword by Dan Maskell ; Arthur Cole's biography by Jack Prosser ; edited by Geoff Peters.
260 ## - PUBLICATION, DISTRIBUTION, ETC. (IMPRINT)
Place of publication, distribution, etc Aylesbury :
Name of publisher, distributor, etc Rothmans,
Date of publication, distribution, etc c1981.
300 ## - PHYSICAL DESCRIPTION
Pagination 256p ;
Dimensions 30cm.
504 ## - BIBLIOGRAPHY, ETC. NOTE
Bibliography, etc Includes index.
650 #0 - SUBJECT ADDED ENTRY--TOPICAL TERM
Topical term or geographic name as entry element Tennis
Geographic subdivision England
-- Wimbledon
General subdivision History.
700 1# - ADDED ENTRY--PERSONAL NAME
Personal name Duncan, Robert,
Dates associated with a name 19---
700 1# - ADDED ENTRY--PERSONAL NAME
Personal name Tingay, Lance,
Dates associated with a name 1915-
700 1# - ADDED ENTRY--PERSONAL NAME
Personal name Prosser, Jack.
700 1# - ADDED ENTRY--PERSONAL NAME
Personal name Peters, Geoff,
Dates associated with a name 1945-
942 ## - ADDED ENTRY ELEMENTS (KOHA)
Source of classification or shelving scheme Dewey Decimal Classification
Koha item type Reference
Holdings
Source of classification or shelving scheme Damaged status Not for loan Home library Current library Shelving location Total Checkouts Full call number Barcode Date last seen Copy number Koha item type
Dewey Decimal Classification     JCC Rouf Library JCC Rouf Library General Stacks   COL 1981 12184 03/08/2018 C - 1 Books

JCC Library | Contacts | JCC Home

Last Update on 23 September 2017
Copyright @ 2017-2020 JCC Rouf Library
Rouf Library, Jhenidah Cadet College (JCC), Bangladesh